000 00643nam a2200205Ia 4500
003 GCL
008 140319s9999 xx 000 0 ara d
040 _aGCL /
_cGCL
082 0 4 _a812.052
_bع ا
100 1 _aعلى سالم
245 1 0 _aالان ارفع القناع 30 سنة من العمل السرى /
_cعلى سالم
260 _a[S.N] :
_bمكتبة الدار العربية للكتاب ،
_c1994
300 _a254 ص
490 _a
650 0 4 _aالادب العربى
650 0 4 _aالقصص العربية
650 0 4 _aالسخرية فى الادب
650 0 4 _aالقصص الفكاهية
942 _2ddc
_cBK
999 _c30223
_d30223